Manual cronológico de historia universal / (Record no. 159609)

MARC details
000 -LEADER
campo de control de longitud fija 00798nam a22002055i 4500
001 - NÚMERO DE CONTROL
campo de control 159609
003 - IDENTIFICADOR DE NÚMERO DE CONTROL
campo de control ES-MaACL
005 - FECHA Y HORA DE LA ÚLTIMA TRANSACCIÓN
campo de control 20250821063100.0
008 - DATOS DE LONGITUD FIJA--INFORMACIÓN GENERAL
campo de control de longitud fija 990324s1847 sp |||| | spa d
040 ## - FUENTE DE CATALOGACIÓN
Centro catalogador/agencia de origen AN
Lengua de catalogación spa
Centro/agencia transcriptor AN
100 1# - ENTRADA PRINCIPAL--NOMBRE DE PERSONA
Nombre de persona Michelet, Jules,
Fechas asociadas al nombre 1798-1874
9 (RLIN) 80919
245 10 - MENCIÓN DEL TÍTULO
Título Manual cronológico de historia universal /
Mención de responsabilidad, etc. por Michelet ; traducido y adicionado con la parte antigua y contemporánea por P. E. ...
260 ## - PUBLICACIÓN, DISTRIBUCIÓN, ETC.
Lugar de publicación, distribución, etc. Madrid :
Nombre del editor, distribuidor, etc. [s.n.],
Fecha de publicación, distribución, etc. 1847 (
Fabricante Imprenta de Corrales y Compañía)
300 ## - DESCRIPCIÓN FÍSICA
Extensión 282, [6] p. ;
Dimensiones 19 cm.
594 ## - Nota al título y mención de responsabilidad
Nota al título y mención de responsabilidad Según Palau, IX, 215, 168227, P. E. es Francisca Pulido Espinosa.
650 #4 - PUNTO DE ACCESO ADICIONAL DE MATERIA--TÉRMINO DE MATERIA
Término de materia o nombre geográfico como elemento de entrada Cronología histórica.
9 (RLIN) 11458
700 1# - ENTRADA AGREGADA--NOMBRE PERSONAL
Nombre de persona Pulido Espinosa, Francisca.
9 (RLIN) 131435
852 ## - LOCALIZACIÓN
Ubicación ES-MaACL
Número de control de estantería D-2212
Nota libre -- Rúst.
Holdings
Estatus retirado Estado de pérdida Estado de daño No para préstamo Colección Biblioteca de origen Biblioteca actual Ubicación en estantería Fecha de adquisición Fuente de adquisición Total de préstamos Signatura topográfica completa Código de barras Visto por última vez Precio de reemplazo Tipo de ítem Koha
        Libros del s. XIX Biblioteca del Ateneo de Madrid Biblioteca del Ateneo de Madrid Sala Valle Inclán 17/01/2008     D-2212 901167089 23/02/2023 23/02/2023 Libro impreso antiguo